Normal görünüm
MARC görünümü
Giriş Personal Name
001 - CONTROL NUMBER
- control field: 3303
003 - CONTROL NUMBER IDENTIFIER
- control field: TR-AnABB
005 - DATE AND TIME OF LATEST TRANSACTION
- control field: 20260406112756.0
008 - FIXED-LENGTH DATA ELEMENTS
- fixed length control field: 260406|| aca||aabn | a|a d
040 ## - CATALOGING SOURCE
- Original cataloging agency: TR-AnABB
- Transcribing agency: TR-AnABB
100 ## - HEADING--PERSONAL NAME
- Personal name: Öztürk, Pınar
670 ## - SOURCE DATA FOUND
- Source citation: Koha: (TR-AnABB)10167: Ankara'nı sırrı Hacı Bayram ' ı Veli /, 2023
